000 01543nim a2200349 i 4500
001 197207
003 ES-MaACL
005 20250828062558.0
007 ss lsnjlcipnne
008 250424s1990 sp nnnn |||| 00| spa d
040 _bspa
_cES-MaACL
100 0 _aBenegas, Noni
_927517
_eaut
245 _aExpresionismo alemán
_h[Grabación sonora] :
_btercera conferencia del ciclo "Vanguardias literarias europeas del siglo XX" /
_cpor Noni Benegas
260 _aMadrid :
_bAteneo de Madrid,
_c1990.
300 _a2 casetes (ca. 180 min) :
_bson. ;
_c11 cm
490 1 _3Actos culturales en el Ateneo de Madrid
518 _aGrabado el 5 de marzo de 1990 en la Sala de Conferencias del Ateneo de Madrid.
520 2 _aConferencia de Noni Benegas sobre el expresionismo alemán, enmarcada en el ciclo: vanguardias literarias europeas del siglo XX
540 _aDocumento inédito
594 _5Datos basados en la invitación.
610 2 0 _aAteneo de Madrid-
_xActos culturales-
_y1990-
_vGrabaciones sonoras
_9240083
650 7 _9145189
_aExpresionismo (Arte)
653 _aArchivo de la palabra
655 0 _aConferencias
_9234444
710 _aAteneo de Madrid.
_bAgrupación Ateneísta de Estudios sobre la Mujer "Clara Campoamor"
_9240081
_ehis
830 0 _aActos culturales en el Ateneo de Madrid
_9240237
852 _aES-MaACL
_cDEPOZ
_9205296
_pCinta 1
852 _aES-MaACL
_cDEPOZ
_9205297
_pCinta 2
942 _2udc
_n0
_cCINTASAUD
999 _c197207
_d197207